书目信息 |
| 题名: |
药剂学与药物化学全能强化题集
|
|
| 作者: | 武凤兰 , 仉文升 主编 | |
| 分册: | ||
| 出版信息: | 北京 北京大学医学出版社 2003.05 |
|
| 页数: | 203页 | |
| 开本: | 26cm | |
| 丛书名: | 2005国家执业药师资格考试丛书 | |
| 单 册: | ||
| 中图分类: | R192.8-44 | |
| 科图分类: | ||
| 主题词: | 医药卫生组织机构 , 医疗保健事业 | |
| 电子资源: | ||
| ISBN: | 7-81071-443-0 | |
| 000 | 00826nam0 2200241 450 | |
| 001 | 0740107078 | |
| 005 | 20071223110915.16 | |
| 010 | @a7-81071-443-0@dCNY26.50 | |
| 100 | @a20071223d2003 km y0chiy0120 ea | |
| 101 | 0 | @achi |
| 200 | 1 | @a药剂学与药物化学全能强化题集@Ayao ji xue yu yao wu hua xue quan neng qiang hua ti ji@f武凤兰,仉文升主编@Fwu feng lan,zhang wen sheng zhu bian |
| 210 | @a北京@c北京大学医学出版社@d2003.05 | |
| 215 | @a203页@d26cm | |
| 225 | 2 | @a2005国家执业药师资格考试丛书 |
| 410 | 0 | @12001 @a2005国家执业药师资格考试丛书 |
| 606 | 0 | @a医药卫生组织机构 |
| 606 | 0 | @a医疗保健事业 |
| 690 | @aR192.8-44@v4 | |
| 701 | 0 | @a武凤兰@Awu feng lan@4主编 |
| 701 | 0 | @a仉文升@Azhang wen sheng@4主编 |
| 801 | 0 | @aCN@b大连网信软件有限公司图书馆@c20071223 |
| 905 | @aBZT@dR192.8-44@e1 | |
| 906 | @dCNY26.50@n0@r1 | |
| 药剂学与药物化学全能强化题集/武凤兰,仉文升主编.-北京:北京大学医学出版社,2003.05 |
| 203页;26cm.-(2005国家执业药师资格考试丛书) |
| ISBN 7-81071-443-0:CNY26.50 |
| ● |
| 相关链接 |
|
|
|
正题名:药剂学与药物化学全能强化题集
索取号:R192.8-44/1
 
预约/预借
| 序号 | 登录号 | 条形码 | 馆藏地/架位号 | 状态 | 备注 |
| 1 | 602275 | 2000602275 | 中心书库中库/ 中库002架B面1列5层35/ [索取号:R192.8-44/1] | 在馆 | |
| 2 | 602276 | 2000602276 | 中心书库中库/ 中库002架B面1列5层29/ [索取号:R192.8-44/1] | 在馆 | |
| 3 | 602277 | 2000602277 | 中心书库中库/ 中库002架B面1列5层33/ [索取号:R192.8-44/1] | 在馆 | |
| 4 | 602278 | 2000602278 | 中心书库中库/ 中库002架B面1列5层34/ [索取号:R192.8-44/1] | 在馆 | |
| 5 | 602279 | 2000602279 | 中心书库中库/ 中库002架B面1列5层32/ [索取号:R192.8-44/1] | 在馆 | |
| 6 | 602280 | 2000602280 | 中心书库中库/ 中库002架B面1列5层31/ [索取号:R192.8-44/1] | 在馆 | |
| 7 | 602281 | 2000602281 | 中心书库中库/ 中库002架B面1列5层36/ [索取号:R192.8-44/1] | 在馆 | |
| 8 | 602282 | 2000602282 | 中心书库中库/ 中库002架B面1列5层27/ [索取号:R192.8-44/1] | 在馆 | |
| 9 | 602283 | 2000602283 | 中心书库中库/ 中库002架B面1列5层30/ [索取号:R192.8-44/1] | 在馆 | |
| 10 | 602284 | 2000602284 | 中心书库中库/ 中库002架B面1列5层28/ [索取号:R192.8-44/1] | 在馆 |